L'oreficeria nell'arte classica / (Record no. 19816)
[ view plain ]
| 000 -LEADER | |
|---|---|
| campo di controllo lung. fissa | 00982nam a22002777i 4500 |
| 001 - Numero di controllo | |
| campo di controllo | IT\ICCU\RAV\0052098 |
| 003 - Identificatore del numero di controllo | |
| campo di controllo | ItRI |
| 005 - Data e orario dell'ultima transazione | |
| campo di controllo | 20260115232250.0 |
| 008 - Elementi di lunghezza fissa--Informazione generale | |
| campo di controllo lung. fissa | 890629s1966 it |||||| ||||| |||||c |
| 015 ## - Numero della bibliografia nazionale | |
| Fonte | IT |
| Numero della bibliografia nazionale | 6611466 |
| 015 ## - Numero della bibliografia nazionale | |
| Fonte | IT |
| Numero della bibliografia nazionale | 677645 |
| 040 ## - Fonte della catalogazione | |
| Lingua della catalogazione | ita |
| Agenzia che fa la trascrizione | importazione bologna sebina |
| 041 #7 - Codice di lingua | |
| Codice di lingua del testo/traccia sonora o titolo separato | ita |
| Fonte del codice | ISO-639-2 |
| 082 ## - Numero di classificazione Decimale Dewey | |
| Numero di classificazione | 739.2 |
| -- | OREFICERIA |
| Numero dell'edizione | 16 |
| 100 1# - Accesso principale -- nome di persona | |
| Nome di persona | Coarelli, Filippo |
| Numero del record di authority o numero standard | IT\ICCU\CFIV\016663 |
| Relazione: | aut |
| 240 12 - Titolo uniforme | |
| Titolo uniforme | L'oreficeria nell'arte classica |
| -- | IT\ICCU\CFI\0138424 |
| 9 (RLIN) | Coarelli, Filippo |
| 245 12 - Formulazione del titolo | |
| Titolo | L'oreficeria nell'arte classica / |
| Formulazione di responsabilità, ecc. | testo di Filippo Coarelli. |
| 260 ## - Pubblicazione, distribuzione, ecc. (stampa) | |
| Luogo di pubblicazione, distribuzione, ecc. | Milano : |
| Nome dell'editore, distributore, ecc. | Fabbri, |
| Data di pubblicazione, distribuzione, ecc. | 1966 |
| 300 ## - Descrizione fisica | |
| Estensione | 158 p. : |
| Altre particolarità fisiche | ill. ; |
| Dimensioni | 20 cm |
| 650 #7 - Accesso aggiunto di soggetto--termine topico | |
| Termine topico o nome geografico come accesso | Oreficerie romane |
| Fonte dell'intestazione o del termine | scbi |
| 650 #7 - Accesso aggiunto di soggetto--termine topico | |
| Termine topico o nome geografico come accesso | Oreficerie greche |
| Fonte dell'intestazione o del termine | scbi |
| 650 #7 - Accesso aggiunto di soggetto--termine topico | |
| Termine topico o nome geografico come accesso | Oreficerie etrusche |
| Fonte dell'intestazione o del termine | scbi |
| 790 1# - | |
| -- | Coarelli, Philippe |
| -- | IT\ICCU\SBNV\008714 |
| -- | Coarelli, Filippo |
| 830 #0 - Accesso aggiunto di serie--titolo uniforme | |
| Titolo uniforme | Élite. Le arti e gli stili in ogni tempo e paese ; |
| Numero del volume/designazione di sequenza | 25 |
| Numero del record di authority o numero standard | IT\ICCU\RAV\0023520 |
| 942 ## - Dati aggiuntivi (Koha) | |
| Fonte della classificazione o dello schema di collocazione (segnatura) | Classificazione decimale Dewey |
| Tipo copia default (Koha) | Libri |
| Nasconto in Opac | No |
| Status ritirato | Status smarrito: | Status danneggiato: | Escluso dal prestito | Biblioteca di appartenenza | Biblioteca corrente | Data di acquisti | Numero d'inventario | Totale prestiti | Collocazione | Codice a barre | Data ultima revisione | Prezzo effettivo da | Tipo copia default (Koha) | Nota pubblica |
|---|---|---|---|---|---|---|---|---|---|---|---|---|---|---|
| BOLOGNA | Centro di Documentazione "Flavia Madaschi" Cassero LGBTQIA+ Center | BOLOGNA | Centro di Documentazione "Flavia Madaschi" Cassero LGBTQIA+ Center | 15/01/2026 | 5730 | DOC 739.227 COA | BO5730 | 15/01/2026 | 15/01/2026 | Libri | 1 v. |